Midwifery Essentials/ (Record no. 13561)
[ view plain ]
| 000 -LEADER | |
|---|---|
| fixed length control field | 01727cam a22003734a 4500 |
| 001 - CONTROL NUMBER | |
| control field | 15681745 |
| 005 - DATE AND TIME OF LATEST TRANSACTION | |
| control field | 20100110102321.0 |
| 008 - FIXED-LENGTH DATA ELEMENTS--GENERAL INFORMATION | |
| fixed length control field | 090330s2009 stk |rbf 001 0 eng |
| 010 ## - LIBRARY OF CONGRESS CONTROL NUMBER | |
| LC control number | 2009013426 |
| 020 ## - INTERNATIONAL STANDARD BOOK NUMBER | |
| International Standard Book Number | 9780443103537 (v. 1 : alk. paper) |
| 035 ## - SYSTEM CONTROL NUMBER | |
| System control number | (DNLM)101500584 |
| 040 ## - CATALOGING SOURCE | |
| Original cataloging agency | DNLM/DLC |
| Transcribing agency | DLC |
| 042 ## - AUTHENTICATION CODE | |
| Authentication code | pcc |
| 050 00 - LIBRARY OF CONGRESS CALL NUMBER | |
| Classification number | RG950 |
| Item number | .B37 2009 |
| 060 10 - NATIONAL LIBRARY OF MEDICINE CALL NUMBER | |
| Classification number | WQ 165 |
| Item number | B327m 2009 |
| 082 00 - DEWEY DECIMAL CLASSIFICATION NUMBER | |
| Classification number | 618.2 |
| Edition number | 22 |
| Item number | BAS |
| 100 1# - MAIN ENTRY--PERSONAL NAME | |
| Personal name | Baston, Helen, |
| Dates associated with a name | 1962- |
| 9 (RLIN) | 12133 |
| 245 10 - TITLE STATEMENT | |
| Title | Midwifery Essentials/ |
| Statement of responsibility, etc | Helen Baston, Jennifer Hall & Alyson Henley-Einion; Foreword by Mandy Renton; With a contribution by Anne-Marie Henshaw |
| 260 ## - PUBLICATION, DISTRIBUTION, ETC. (IMPRINT) | |
| Place of publication, distribution, etc | Edinburgh ; |
| -- | New York : |
| Name of publisher, distributor, etc | Churchill Livingstone, 2009 |
| Date of publication, distribution, etc | 2009. |
| 300 ## - PHYSICAL DESCRIPTION | |
| Extent | 187 p.; |
| Dimensions | 19 cm. |
| 500 ## - GENERAL NOTE | |
| General note | Based on Midwifery basics articles published in The practising midwife journal. |
| 504 ## - BIBLIOGRAPHY, ETC. NOTE | |
| Bibliography, etc | Includes bibliographical references and index. |
| 505 2# - FORMATTED CONTENTS NOTE | |
| Formatted contents note | v. 1. Basics / Helen Baston, Jennifer Hall, Alyson Henley-Einion ; with a contribution by Anne-Marie Henshaw |
| 650 #0 - SUBJECT ADDED ENTRY--TOPICAL TERM | |
| Topical term or geographic name as entry element | Midwifery |
| Form subdivision | Handbooks, manuals, etc. |
| 9 (RLIN) | 12134 |
| 650 12 - SUBJECT ADDED ENTRY--TOPICAL TERM | |
| Topical term or geographic name as entry element | Midwifery |
| Form subdivision | Collected Works. |
| 9 (RLIN) | 12135 |
| 650 12 - SUBJECT ADDED ENTRY--TOPICAL TERM | |
| Topical term or geographic name as entry element | Midwifery |
| Form subdivision | Handbooks. |
| 9 (RLIN) | 12136 |
| 700 1# - ADDED ENTRY--PERSONAL NAME | |
| Personal name | Hall, Jennifer, |
| Dates associated with a name | 1959- |
| 9 (RLIN) | 12137 |
| 700 1# - ADDED ENTRY--PERSONAL NAME | |
| Personal name | Henley-Einion, Alyson. |
| 9 (RLIN) | 12138 |
| 700 1# - ADDED ENTRY--PERSONAL NAME | |
| Personal name | Renton, Mandy |
| 9 (RLIN) | 12131 |
| 700 1# - ADDED ENTRY--PERSONAL NAME | |
| Personal name | Henshaw, Anne-Marie |
| 9 (RLIN) | 12132 |
| 942 ## - ADDED ENTRY ELEMENTS (KOHA) | |
| Source of classification or shelving scheme | Dewey Decimal Classification |
| Item type | |
| Withdrawn status | Item status | Source of classification or shelving scheme | Damaged status | Not for loan | Vendor | Home library | Current library | Shelving location | Date acquired | Source of acquisition | Cost, normal purchase price | Serial Enumeration / chronology | Total Checkouts | Total Renewals | Full call number | Barcode | Date last seen | Date last borrowed | Koha item type |
|---|---|---|---|---|---|---|---|---|---|---|---|---|---|---|---|---|---|---|---|
| Dewey Decimal Classification | Academic Bookshop | Central Library | Central Library | First floor | 02/03/2010 | 113.70 | 3698 | 5 | 9 | 618.2 BAS | 000019424 | 15/07/2025 | 17/12/2014 | Book - Borrowing |